| 000 | 00595nam a2200181 i 4500 | ||
|---|---|---|---|
| 001 | 58492 | ||
| 003 | ES-MaACL | ||
| 007 | t| | ||
| 008 | 031022s1920 fr ||||1| fre d | ||
| 100 | 1 |
_aDwelshauvers, Georges. _946402 |
|
| 245 | 1 | 3 |
_aLa psychologie française contemporaine / _cpar Georges Dwelshauvers. |
| 260 |
_aParis : _bFélix Alcan, _c1920 ( _eLille : _fA. Tahin-Lefort) |
||
| 300 |
_aXII, 260 p. ; _c23 cm. |
||
| 490 | 1 | _aBibliothèque de philosophie contemporaine | |
| 830 | 0 |
_aBibliothèque de philosophie contemporaine _9181027 |
|
| 852 |
_aES-MaACL _jB-6368 |
||
| 999 |
_c58492 _d58492 |
||